Songs to Albums: Taylor Swift - Easy - Statistics

General Stats
  • This quiz has been taken 143 times
  • The average score is 12 of 15
Answer Stats
Hint Explanation Answer % Correct
I Did Something Bad Track 3 reputation
93%
Mine Track 1 Speak Now
91%
Labyrinth Track 10 Midnights
89%
Say Don't Go Track 18 1989
84%
closure Track 14 evermore
84%
King Of My Heart Track 10 reputation
84%
You're Not Sorry Track 9 Fearless
82%
the lakes Track 17 folklore
82%
How You Get The Girl Track 10 1989
81%
Treacherous Track 3 Red
81%
Change Track 13 Fearless
80%
Bigger Than The Whole Sky Track 16 Midnights
80%
Last Kiss Track 13 Speak Now
78%
happiness Track 14 evermore
77%
Holy Ground Track 11 Red
76%
No matching quizzes found
Score Distribution
Percent of People with Each Score
Percentile by Number Answered
Your Score History
You have not taken this quiz